ARRUPE JESUIT UNIVERSITY

CORONAVIRUS -STOP THE SPREAD - CLEAN,DISINFECT,COVER

Pope Benedict XVI (Record no. 119197)

MARC details
000 -LEADER
fixed length control field 00413nam a22001337a 4500
008 - FIXED-LENGTH DATA ELEMENTS--GENERAL INFORMATION
fixed length control field 131210b xxu||||| |||| 00| 0 eng d
050 ## - LIBRARY OF CONGRESS CALL NUMBER
Classification number BX1378.6.F5713 2005
100 ## - MAIN ENTRY--PERSONAL NAME
Personal name Fischer, H.J.
9 (RLIN) 5490
245 ## - TITLE STATEMENT
Title Pope Benedict XVI
Remainder of title A Personal Portrait
Statement of responsibility, etc H.J. Fischer
260 ## - PUBLICATION, DISTRIBUTION, ETC. (IMPRINT)
Place of publication, distribution, etc New York
Name of publisher, distributor, etc Crossroad Publishing Company
Date of publication, distribution, etc 2005
300 ## - PHYSICAL DESCRIPTION
Extent x, 213p. ;
Dimensions 22cm.
600 ## - SUBJECT ADDED ENTRY--PERSONAL NAME
Personal name Benedict XVI
9 (RLIN) 5491
942 ## - ADDED ENTRY ELEMENTS (KOHA)
Source of classification or shelving scheme Library of Congress Classification
Item type Monograph ( Printed materials)
Holdings
Withdrawn status Lost status Source of classification or shelving scheme Damaged status Not for loan Home library Current library Date acquired Total Checkouts Full call number Barcode Date last seen Price effective from Koha item type
    Library of Congress Classification     ARRUPE LIBRARY ARRUPE LIBRARY 10/12/2013   BX1378.6.F5713 2005 46411351 22/11/2017 10/12/2013 Monograph ( Printed materials)

 

Arrupe Library. PO Box MP320 Mt Pleasant, Harare, Zimbabwe
263 242 745411|librarian@aju.ac.zw